|
|
|
|
| LEADER |
00000nam0a2200000 4500 |
| 001 |
339335 |
| 005 |
20260123104742.0 |
| 035 |
|
|
|a (RuTPU)RU\TPU\book\365850
|
| 090 |
|
|
|a 339335
|
| 100 |
|
|
|a 20171218d1919 m y0rusy50 ca
|
| 101 |
0 |
|
|a rus
|
| 102 |
|
|
|a RU
|
| 105 |
|
|
|a y z 000zy
|
| 200 |
1 |
|
|a Постановление Совета Министров июля 29 дня 1919 г. об учреждении Института исследования Сибири. Положение об Институте исследования Сибири
|e [отдельный оттиск]
|f Министерство Народного просвещения, Совет Министров
|
| 210 |
|
|
|d [1919]
|
| 215 |
|
|
|a 10 с.
|
| 300 |
|
|
|a Текст в русской дореформенной орфографии
|
| 606 |
1 |
|
|a Комплексные исследования
|2 stltpush
|3 (RuTPU)RU\TPU\subj\15003
|
| 610 |
1 |
|
|a Томск
|
| 610 |
1 |
|
|a Сибирь
|
| 610 |
1 |
|
|a исследования
|
| 610 |
1 |
|
|a географические исследования
|
| 610 |
1 |
|
|a геодезические исследования
|
| 610 |
1 |
|
|a бальнеологические исследования
|
| 610 |
1 |
|
|a Институт исследования Сибири
|
| 686 |
|
|
|a Ч215
|2 rubbk
|
| 712 |
0 |
2 |
|a Министерство Народного просвещения
|b Совет Министров
|
| 801 |
|
1 |
|a RU
|b 63413507
|c 20171218
|
| 801 |
|
2 |
|a RU
|b 63413507
|c 20220823
|g RCR
|
| 942 |
|
|
|c BK
|